Регионална библиотека "Любен Каравелов" - Русе

Математически методи в икономиката (Запис номер 157039)

MARC детайли
000 -Лидер
Контролно поле с фиксирана дължина 01953nam a2200361 c 4500
003 - Код на организацията, давaща контролен номер
Контролно поле BLK
005 - Дата и час на последна редакция
Контролно поле 20180422113506.0
008 - Елементи от данни с фиксирана дължина
fixed length control field 180410b bul|||||r ||||||| ||bul||
010 ## - Наследен системен номер
LC control number KNG00163955000
040 ## - Източник на каталожния запис
Идентификатор на билиотеката - собственик на записа BLK
041 ## - Код за език
Код за езика на текст/звукозапис или на отделно заглавие Български
Код за езика КДБФ Български
080 ## - УДК
Текстов определител УДК Иконометрия. Математическа икономия
УДК код - определител по УДК 330.115
УДК определител (075.81)
УДК - код + определител 330.115(075.81)
080 ## - УДК
Текстов определител УДК Теория на вероятностите и математическа статистика. Теория на статистиката вж 311
УДК код - определител по УДК 519.2
УДК определител (075.81)
УДК - код + определител 519.2(075.81)
100 1# - Редна дума - Автор
Автор Иванов, Андрей П.
Авторска отговорност първи автор
R(LIN) 333588
139 ## - Редно поле
Редна дума Иванов, Андрей П.
Авторски знак Иванов - И 21
245 10 - Сведения за заглавието
Заглавие Математически методи в икономиката
Подзаглавни данни Учебник за студентите от ВФСИ Д. А. Ценов - Свищов : Ч. 1 -
Редно поле (дума) Андрей П. Иванов; съавт. Атанас Панайотов Аврамов.
Том Ч. 1
Заглавие на том Теория на вероятностите
257 ## - Страна на издаване
Страна на създаване/издаване България
260 ## - Област на издателските данни
-- Свищов
Име на издателя, разпространителя и проч. ВФСИ Д. А. Ценов
Година на издаване 1983
300 ## - Физическа характеристика
Размери/Мащаб 21 см
380 ## - Жанр
Жанр Обществени науки
500 ## - Общи забележки
Забележка Изд. на ВФСИ Д. А. Ценов - Свищов. Кат. Висша математика. - Офс. изд. - 2 000 тир.
650 #4 - Допълнително описание по предмет – тема
Основно описание – тема или топоним Икономически науки
9 (RLIN) 254130
650 #4 - Допълнително описание по предмет – тема
Основно описание – тема или топоним Математически методи
9 (RLIN) 276068
653 ## - Ключова дума – ненормативна
Ключова дума икономика
653 ## - Ключова дума – ненормативна
Ключова дума учебници за ВУЗ
700 1# - Други автори (авторска отговорност)
Лично име Аврамов, Атанас Панайотов
Автороска отговорност (Описва отношението между автора и произведението) съавт.
9 (RLIN) 365189
760 1# - Описание на основната серия
Редна дума на основното описание Иванов, Андрей П.
Място на издаване, издател и година 1983
Страници - том 257 с. : с табл., диагр.
Забележка - том 1,01 лв.
Заглавие Ч. 1 Теория на вероятностите
852 ## - Местоположение
Форматна сигнатура Цб 124044
856 4# - Електронен адрес и достъп
Електронен формат pdf - файл
Път до файла /url/
856 4# - Електронен адрес и достъп
Електронен формат pdf - файл
Път до файла /url/
942 ## - АРТИКУЛИ
Вид на библиотечния материал Книги
Скрит в OPAC Не
944 ## - СЪЗДАВАНЕ И РЕДАКЦИЯ на ЗАПИСА
Създаване/Редакция Създаване
Дата на регистрацията/редакция 08.08.2014
Статус, дата на статуса 08.08.2014 - от С1,Р / 08.08.2014
Служител, извършил регистрацията/редакцията Павлина_Енева
944 ## - СЪЗДАВАНЕ И РЕДАКЦИЯ на ЗАПИСА
Създаване/Редакция Редакция
Дата на регистрацията/редакция 22.06.2016
Статус, дата на статуса 08.08.2014 - от С1,Р / 08.08.2014
Служител, извършил регистрацията/редакцията Нора_Радева
999 ## - СИСТЕМНИ КОНТРОЛНИ НОМЕРА
Koha biblionumber 157039
Koha biblioitemnumber 157039
Наличности
Код за отписване Код за изгубен артикул Източник на класификационната схема Код за повреда Коз за рестрикции Код за отдаване Артикулен № Име на библиотеката - собственик Име на библиотеката, в която се намира в момента Статус (Текущо местоположение) Дата на вписване в системата Местоположение - отдел Цена в лева Инвентарен номер Систематично азбучна сигнатура Баркод Номер на екземпляра Цена в евро Служебна бележка Служебен тип на артикула
  Не е изгубен Universal Decimal Classification Не е повреден без рестрикции ползва се в читалня 263055 Регионална библиотека "Любен Каравелов" Русе Регионална библиотека "Любен Каравелов" Русе Хранилище 1983-01-01 Хранилище 0.01 387304 Цб 124044 900000011994 1 0.01 N: стар фонд Дата: 01.01.1983 Книги
Изтеглен Не е изгубен Universal Decimal Classification Не е повреден без рестрикции заемане за дома 263056 Регионална библиотека "Любен Каравелов" Русе Регионална библиотека "Любен Каравелов" Русе Заемна - подръчен фонд 1983-01-01 Заемна - подръчен фонд 1.01 402509 П 330/И 21 402509 2 0.52 N: стар фонд Дата: 01.01.1983 Дата инв: 05.02.2018 Бележки инв: П2018 Книги
Vip Innovations Ltd, Rousse, Bulgaria 2025